000 01258cam a22004094i 4500
003 PE-LiUPU
005 20250731172925.0
008 150616s1967 xxu r 000 0 spa d
035 _a(Sirsi) a203933
040 _aPE-LiUPU
_bspa
_cPE-LiUPU
_erda
049 _aPRUA
082 0 4 _a220.7
_bS47
100 1 _aShedd,,William G. T.
_eautor.
245 1 2 _aA critical and doctrinal commentary on the epistle of St. Paul to the Romans /
_c William G. T. Shedd.
264 1 _aEE.UU :
_bZondervan,
_c1967.
300 _a439 páginas ;
_c21 centímetros
336 _atext
_2rdacontent
337 _aunmediated
_2rdamedia
338 _avolume
_2rdacarrier
505 0 _aCommentary of Romans.
526 _aSEG42
526 _aSEG41
526 _aSEG40
526 _aSEG39
526 _aP94
526 _aP87
526 _aP86
526 _aP85
526 _aP77
526 _aP76
526 _aP35
942 _2ddc
_cBOOK
994 _aC0
_bPEPRU
596 _a1
999 _a220.7 S47
_wLC
_c20313
_i75817
_d20313
_f2021-11-11
_g3
_lCCODEBUL1
_mBUL
_q1
_r0
_sY
_tBOOK
_u2017-5-8
_xTEOLOGIA
_PP85
_0COMPRA
_o.STAFF. Colección Teología
980 _81
_gALBERTO SANCHEZ Responsable de Automatización